States of Mexico - Statistics

General Stats
  • This quiz has been taken 11 times
  • The average score is 26 of 32
Answer Stats
% Correct
B{aja} C{alifornia}
100%
B{aja} C{alifornia} S{ur}
100%
J{alisco}
100%
N{uevo} L{eón}
100%
O{axaca}
100%
Q{uintana} R{oo}
100%
T{abasco}
100%
Y{ucatán}
100%
C{hiapas}
88%
D{urango}
88%
H{idalgo}
88%
M{éxico}
88%
N{ayarit}
88%
Q{uerétaro}
88%
V{eracruz}
88%
Z{acatecas}
88%
A{guascalientes}
75%
C{ampeche}
75%
C{hihuahua}
75%
C{oahuila}
75%
C{olima}
75%
G{uerrero}
75%
M{exico} C{ity}
75%
M{orelos}
75%
P{uebla}
75%
S{an} L{uis} P{otosí}
75%
S{inaloa}
75%
S{onora}
75%
T{amaulipas}
75%
M{ichoacán}
63%
T{laxcala}
50%
G{uanajuato}
38%
No matching quizzes found
Score Distribution
Percent of People with Each Score
Percentile by Number Answered
Your Score History
You have not taken this quiz